Loading...
Essentials of Buddhism and Jainism
| Main Author: | |
|---|---|
| Format: | Printed Book |
| LEADER | 00419nam a2200145 4500 | ||
|---|---|---|---|
| 007 | ... | ||
| 008 | .... | ||
| 020 | |a ... | ||
| 082 | |a 181.49 NEE/E | ||
| 100 | |a Neelakantan K.N | ||
| 245 | |a Essentials of Buddhism and Jainism | ||
| 546 | |a In English | ||
| 942 | |c BK | ||
| 999 | |c 100882 |d 100882 | ||
| 952 | |0 0 |1 0 |4 0 |6 181_490000000000000_NEE_E |7 0 |9 100839 |a UL |b UL |c ST1 |d 2013-10-07 |l 4 |o 181.49 NEE/E |p g9056 |r 2018-09-18 |s 2018-09-05 |w 2013-10-07 |y BK | ||